[Event "VIE-chT"]
[Site "Hanoi"]
[Date "2023.04.23"]
[Round "9"]
[White "Bui, Quang Huy"]
[Black "Nguyen, Van Thanh"]
[Result "1-0"]
[WhiteElo "1362"]
[BlackElo "2362"]
[PlyCount "140"]
[EventDate "2023.04.18"]
[EventType "swiss"]
[EventRounds "9"]
[EventCountry "VIE"]
[SourceTitle "EXT 2024"]
[Source "ChessBase"]
[SourceDate "2023.10.10"]
[SourceVersion "1"]
[SourceVersionDate "2023.10.10"]
[SourceQuality "1"]

1. e4 c5 2. Nf3 e6 3. d4 cxd4 4. Nxd4 a6 5. Bd3 Nc6 6. Nxc6 bxc6 7. 0-0 d5 8. exd5 cxd5 9. Be3 Nf6 10. Nc3 g6 11. Re1 Bg7 12. Bc5 Qc7 13. Ba3 Bb7 14. Qe2 Bf8 15. Bxf8 Kxf8 16. a4 h5 17. h3 Kg7 18. Nd1 Rhe8 19. b4 e5 20. Qd2 e4 21. Bf1 Rad8 22. b5 a5 23. Rb1 Qb6 24. Ne3 Rc8 25. c3 Qc5 26. Rec1 Nd7 27. b6 Bc6 28. Bb5 Nxb6 29. Bxc6 Rxc6 30. Rb5 Qd6 31. Rcb1 Nc4 32. Qd4+ Qe5 33. Nxd5 Qxd4 34. cxd4 Na3 35. Rb6 Rc4 36. Rd1 Rd8 37. Ne3 Rcxd4 38. Rc1 Rxa4 39. Rc7 Rb4 40. Ra6 Nb5 41. Rb7 Nc3 42. Rba7 a4 43. g4 a3 44. gxh5 Kh6 45. Rxf7 a2 46. h4 Rb6 47. Rxb6 a1Q+ 48. Kh2 Rg8 49. hxg6 Rxg6 50. Nf5+ Kh5 51. Rh7+ Kg4 52. Ne3+ Kf3 53. Rf7+ Ke2 54. Rxg6 Nb5 55. Kg2 Nd4 56. Nd5 Qf1+ 57. Kg3 Qg1+ 58. Kh3 Qh1+ 59. Kg4 Nf3 60. Nf4+ Kxf2 61. Re6 Ke3 62. Kf5 Nxh4+ 63. Ke5 Qa1+ 64. Kd6 Nf3 65. Ng2+ Kd4 66. Rfe7 Qa6+ 67. Kd7 Qb7+ 68. Kd8 Qb8+ 69. Kd7 Ng5 70. Rd6+ Kc5 1-0

[Event "Budapest FS03 GM"]
[Site "Budapest"]
[Date "2022.03.05"]
[Round "1"]
[White "Nguyen, Van Thanh"]
[Black "Prraneeth, Vuppala"]
[Result "1-0"]
[WhiteElo "2358"]
[BlackElo "2409"]
[PlyCount "57"]
[EventDate "2022.03.05"]
[EventType "tourn"]
[EventRounds "9"]
[EventCountry "HUN"]
[EventCategory "6"]
[SourceTitle "CBM 207 Extra"]
[Source "ChessBase"]
[SourceDate "2022.05.31"]
[SourceVersion "1"]
[SourceVersionDate "2022.05.31"]
[SourceQuality "1"]

1. Nf3 d5 2. d4 Nf6 3. c4 e6 4. Nc3 c5 5. cxd5 cxd4 6. Nxd4 Nxd5 7. Bd2 e5 8. Ndb5 Nxc3 9. Nxc3 Nc6 10. g3 Be6 11. Bg2 Be7 12. 0-0 0-0 13. Be3 Nd4 14. Qd2 Qd7 15. Rfd1 Rfd8 16. Qe1 Rac8 17. Rac1 Bc5 18. Kh1 Qe7 19. a3 Bb3 20. Rd2 Bb6 21. Qg1 h6 22. f4 Rd7 23. Nd5 Qd8 24. Rxc8 Qxc8 25. Nxb6 axb6 26. fxe5 Nf5 27. Rxd7 Qxd7 28. Bxb6 Bd5 29. e4 1-0

[Event "Budapest FS02 IM"]
[Site "Budapest"]
[Date "2022.02.14"]
[Round "8"]
[White "Nguyen, Van Thanh"]
[Black "Aslanov, Umid Fuad"]
[Result "1/2-1/2"]
[WhiteElo "2364"]
[BlackElo "2187"]
[PlyCount "59"]
[EventDate "2022.02.05"]
[EventType "tourn"]
[EventRounds "9"]
[EventCountry "HUN"]
[EventCategory "1"]
[SourceTitle "CBM 206 Extra"]
[Source "ChessBase"]
[SourceDate "2022.03.31"]
[SourceVersion "1"]
[SourceVersionDate "2022.03.31"]
[SourceQuality "1"]

1. d4 d5 2. c4 e6 3. Nf3 Nf6 4. Nc3 Be7 5. Bf4 0-0 6. e3 b6 7. Bd3 dxc4 8. Bxc4 Ba6 9. Qe2 Bxc4 10. Qxc4 c5 11. 0-0 Nbd7 12. Rfd1 Qc8 13. dxc5 Bxc5 14. Ne5 Nxe5 15. Bxe5 Nd7 16. Qf4 Nxe5 17. Qxe5 Qb7 18. Qe4 Qe7 19. Rd3 Rfd8 20. Rad1 Rac8 21. Qa4 Rxd3 22. Rxd3 Rd8 23. Qd1 Rxd3 24. Qxd3 h6 25. g3 Qb7 26. Qd8+ Kh7 27. Qd3+ Kg8 28. Qd8+ Kh7 29. Qd3+ Kg8 30. Qd8+ 1/2-1/2

[Event "Budapest FS02 IM"]
[Site "Budapest"]
[Date "2022.02.06"]
[Round "2"]
[White "Nguyen, Van Thanh"]
[Black "Milikow, Elie"]
[Result "1/2-1/2"]
[WhiteElo "2364"]
[BlackElo "2164"]
[PlyCount "61"]
[EventDate "2022.02.05"]
[EventType "tourn"]
[EventRounds "9"]
[EventCountry "HUN"]
[EventCategory "1"]
[SourceTitle "CBM 206 Extra"]
[Source "ChessBase"]
[SourceDate "2022.03.31"]
[SourceVersion "1"]
[SourceVersionDate "2022.03.31"]
[SourceQuality "1"]

1. Nf3 d5 2. d4 Nf6 3. c4 e6 4. g3 Bb4+ 5. Bd2 a5 6. Qc2 0-0 7. Bg2 c5 8. dxc5 d4 9. 0-0 Bxc5 10. Ne5 Bd6 11. Nd3 e5 12. Bg5 h6 13. Bxf6 Qxf6 14. Nd2 Qe7 15. a3 Na6 16. Rac1 Bf5 17. e4 dxe3 18. fxe3 Bxd3 19. Qxd3 Nc5 20. Qc2 a4 21. Bd5 Kh8 22. Ne4 Nxe4 23. Qxe4 Bc5 24. Rc2 g6 25. g4 f5 26. gxf5 gxf5 27. Rxf5 Rxf5 28. Qxf5 Bxe3+ 29. Kg2 Qg7+ 30. Kh3 Rf8 31. Qg4 1/2-1/2

[Event "Budapest FS07 IM"]
[Site "Budapest"]
[Date "2020.07.06"]
[Round "3"]
[White "Geher, Koppany"]
[Black "Nguyen, Van Thanh"]
[Result "0-1"]
[WhiteElo "2329"]
[BlackElo "2369"]
[PlyCount "86"]
[EventDate "2020.07.04"]
[EventType "tourn"]
[EventRounds "9"]
[EventCountry "HUN"]
[EventCategory "2"]
[SourceTitle "CBM 197 Extra"]
[Source "ChessBase"]
[SourceDate "2020.09.30"]
[SourceVersion "1"]
[SourceVersionDate "2020.09.30"]
[SourceQuality "1"]

1. e4 c5 2. Nf3 d6 3. d4 cxd4 4. Nxd4 Nf6 5. Nc3 a6 6. Be2 e5 7. Nb3 Be7 8. Be3 Be6 9. Qd3 Nc6 10. a3 d5 11. exd5 Nxd5 12. 0-0-0 Nxe3 13. Qxe3 Qc7 14. Kb1 Rc8 15. Bf3 Nd4 16. Rxd4 exd4 17. Nxd4 0-0 18. Nxe6 fxe6 19. Qxe6+ Kh8 20. Qb3 b5 21. Nd5 Qe5 22. Qe3 Bf6 23. c3 Rcd8 24. Nxf6 Qxf6 25. Re1 Qd6 26. h3 a5 27. Rd1 Qg6+ 28. Ka2 Qf7+ 29. Ka1 Rxd1+ 30. Bxd1 Qxf2 31. Qxf2 Rxf2 32. Bf3 g6 33. Ka2 Kg7 34. a4 bxa4 35. Ka3 Kf6 36. c4 Ke7 37. c5 Rc2 38. c6 Rc4 39. Bd5 Rd4 40. Bf3 Kd6 41. Ka2 Rd3 42. Be4 Re3 43. Bf3 h6 0-1

[Event "Budapest FS07 IM"]
[Site "Budapest"]
[Date "2020.07.05"]
[Round "2"]
[White "Nguyen, Van Thanh"]
[Black "Szeberenyi, Adam"]
[Result "1/2-1/2"]
[WhiteElo "2369"]
[BlackElo "2357"]
[PlyCount "62"]
[EventDate "2020.07.04"]
[EventType "tourn"]
[EventRounds "9"]
[EventCountry "HUN"]
[EventCategory "2"]
[SourceTitle "CBM 197 Extra"]
[Source "ChessBase"]
[SourceDate "2020.09.30"]
[SourceVersion "1"]
[SourceVersionDate "2020.09.30"]
[SourceQuality "1"]

1. Nf3 Nf6 2. c4 g6 3. Nc3 d5 4. Qa4+ Bd7 5. Qb3 dxc4 6. Qxc4 Bg7 7. d4 0-0 8. e4 Bg4 9. Be3 Nfd7 10. Be2 Nb6 11. Qd3 Nc6 12. Rd1 Bxf3 13. Bxf3 e5 14. d5 Nd4 15. Bxd4 exd4 16. Ne2 c5 17. dxc6 bxc6 18. 0-0 c5 19. b3 Nd7 20. Nf4 Bh6 21. Nd5 Ne5 22. Qc2 Nxf3+ 23. gxf3 Qd6 24. Qc4 Rae8 25. b4 Re5 26. Qxc5 Rg5+ 27. Kh1 Qxh2+ 28. Kxh2 Rh5+ 29. Kg2 Rg5+ 30. Kh3 Rh5+ 31. Kg2 Rg5+ 1/2-1/2

[Event "Balatonlelle Benko Memorial"]
[Site "Balatonlelle"]
[Date "2020.06.20"]
[Round "9"]
[White "Assaubayeva, Bibissara"]
[Black "Nguyen, Van Thanh"]
[Result "1/2-1/2"]
[WhiteElo "2364"]
[BlackElo "2382"]
[PlyCount "35"]
[EventDate "2020.06.12"]
[EventType "tourn"]
[EventRounds "9"]
[EventCountry "HUN"]
[EventCategory "3"]
[SourceTitle "CBM 196 Extra"]
[Source "ChessBase"]
[SourceDate "2020.07.31"]
[SourceVersion "1"]
[SourceVersionDate "2020.07.31"]
[SourceQuality "1"]

1. e4 c5 2. Nf3 d6 3. d4 cxd4 4. Nxd4 Nf6 5. Nc3 a6 6. Nb3 e6 7. g4 h6 8. Bg2 Nc6 9. f4 g6 10. Qe2 Qc7 11. Be3 b5 12. 0-0-0 Bb7 13. Rhf1 Be7 14. Kb1 Rc8 15. h4 h5 16. g5 Ng4 17. Bg1 Bf8 18. Qd2 1/2-1/2

[Event "Balatonlelle Benko Memorial"]
[Site "Balatonlelle"]
[Date "2020.06.16"]
[Round "5"]
[White "Nguyen, Van Thanh"]
[Black "Gaal, Zsoka"]
[Result "1/2-1/2"]
[WhiteElo "2382"]
[BlackElo "2151"]
[PlyCount "34"]
[EventDate "2020.06.12"]
[EventType "tourn"]
[EventRounds "9"]
[EventCountry "HUN"]
[EventCategory "3"]
[SourceTitle "CBM 196 Extra"]
[Source "ChessBase"]
[SourceDate "2020.07.31"]
[SourceVersion "1"]
[SourceVersionDate "2020.07.31"]
[SourceQuality "1"]

1. c4 c5 2. Nc3 Nc6 3. g3 g6 4. Bg2 Bg7 5. Nf3 e6 6. 0-0 Nge7 7. e3 0-0 8. d4 cxd4 9. Nxd4 Nxd4 10. exd4 d5 11. cxd5 Nxd5 12. Nxd5 exd5 13. Qb3 Be6 14. Be3 Qb6 15. Bxd5 Bxd5 16. Qxd5 Rfd8 17. Qb3 Bxd4 1/2-1/2

[Event "Balatonlelle Benko Memorial"]
[Site "Balatonlelle"]
[Date "2020.06.12"]
[Round "1"]
[White "Nguyen, Van Thanh"]
[Black "Ongut, Tamas Gunes"]
[Result "1/2-1/2"]
[WhiteElo "2382"]
[BlackElo "2305"]
[PlyCount "33"]
[EventDate "2020.06.12"]
[EventType "tourn"]
[EventRounds "9"]
[EventCountry "HUN"]
[EventCategory "3"]
[SourceTitle "CBM 196 Extra"]
[Source "ChessBase"]
[SourceDate "2020.07.31"]
[SourceVersion "1"]
[SourceVersionDate "2020.07.31"]
[SourceQuality "1"]

1. d4 d5 2. Nf3 Nf6 3. Bg5 g6 4. Bxf6 exf6 5. e3 Bg7 6. c4 dxc4 7. Bxc4 0-0 8. Nc3 f5 9. 0-0 c6 10. Rc1 Nd7 11. b4 Nb6 12. Bb3 a5 13. b5 cxb5 14. Nxb5 a4 15. Bc4 Nxc4 16. Rxc4 Bd7 17. Qb1 1/2-1/2

[Event "Budapest FS11 IM"]
[Site "Budapest"]
[Date "2019.11.06"]
[Round "5"]
[White "Sernecki, Franciszek"]
[Black "Nguyen, Van Thanh"]
[Result "1/2-1/2"]
[WhiteElo "2285"]
[BlackElo "2370"]
[PlyCount "64"]
[EventDate "2019.11.02"]
[EventType "tourn"]
[EventRounds "9"]
[EventCountry "HUN"]
[EventCategory "1"]
[SourceTitle "CBM 193 Extra"]
[Source "ChessBase"]
[SourceDate "2020.01.31"]
[SourceVersion "1"]
[SourceVersionDate "2020.01.31"]
[SourceQuality "1"]

1. e4 c5 2. Nf3 d6 3. d4 cxd4 4. Nxd4 Nf6 5. Nc3 a6 6. g3 e6 7. Bg2 Be7 8. 0-0 0-0 9. a4 Qc7 10. f4 Nc6 11. Nb3 b6 12. Be3 Bb7 13. g4 Rfe8 14. g5 Nd7 15. Qh5 Nb4 16. Rf2 Bf8 17. Nd4 g6 18. Qe2 Bg7 19. Qd2 Nc6 20. Nxc6 Bxc6 21. Rd1 Bf8 22. h4 Nc5 23. h5 Nxa4 24. Nxa4 Bxa4 25. f5 Bc6 26. hxg6 hxg6 27. fxg6 fxg6 28. Rdf1 Bg7 29. Bd4 e5 30. Rf7 Re7 31. Rxe7 Qxe7 32. Bxb6 Rf8 1/2-1/2

[Event "Budapest FS11 IM"]
[Site "Budapest"]
[Date "2019.11.04"]
[Round "3"]
[White "Nguyen, Van Thanh"]
[Black "Martic, Zlatko"]
[Result "1/2-1/2"]
[WhiteElo "2370"]
[BlackElo "2308"]
[PlyCount "104"]
[EventDate "2019.11.02"]
[EventType "tourn"]
[EventRounds "9"]
[EventCountry "HUN"]
[EventCategory "1"]
[SourceTitle "CBM 193 Extra"]
[Source "ChessBase"]
[SourceDate "2020.01.31"]
[SourceVersion "1"]
[SourceVersionDate "2020.01.31"]
[SourceQuality "1"]

1. d4 Nf6 2. Nf3 e6 3. c4 d5 4. cxd5 exd5 5. Bg5 Nbd7 6. Nc3 Bb4 7. Qb3 c5 8. a3 Qa5 9. Rc1 Bxc3+ 10. Qxc3 Qxc3+ 11. bxc3 Ne4 12. Bf4 c4 13. Nd2 Nxd2 14. Kxd2 Nf6 15. f3 b5 16. Rb1 Bd7 17. g4 h6 18. Bg2 0-0 19. Be5 Bc6 20. Bxf6 gxf6 21. e4 Rab8 22. Rhe1 Rfe8 23. exd5 Rxe1 24. Rxe1 Bxd5 25. Re7 a5 26. Rd7 Be6 27. Rd6 Kf8 28. f4 Ke7 29. Ra6 b4 30. axb4 axb4 31. f5 bxc3+ 32. Kxc3 Rb3+ 33. Kc2 Bd7 34. Ra7 Kd6 35. Ra6+ Ke7 36. Ra7 Kd6 37. Bf1 h5 38. Bxc4 Rh3 39. gxh5 Bxf5+ 40. Kd2 Rxh5 41. Rxf7 Rxh2+ 42. Ke3 Rh6 43. Ra7 Bd7 44. Ra6+ Ke7 45. d5 Rh3+ 46. Kd4 f5 47. Rg6 Kf7 48. Rg1 Rh4+ 49. Kc5 f4 50. d6+ Kf6 51. Bd5 Rh2 52. Rc1 Rd2 1/2-1/2

[Event "Budapest FS10 IM"]
[Site "Budapest"]
[Date "2019.10.08"]
[Round "4"]
[White "Nguyen, Van Thanh"]
[Black "Bat, Bilguun"]
[Result "1-0"]
[WhiteElo "2380"]
[BlackElo "2110"]
[PlyCount "115"]
[EventDate "2019.10.05"]
[EventType "tourn"]
[EventRounds "9"]
[EventCountry "HUN"]
[SourceTitle "CBM 192 Extra"]
[Source "Chessbase"]
[SourceDate "2019.11.06"]
[SourceVersion "1"]
[SourceVersionDate "2019.11.06"]
[SourceQuality "1"]

1. d4 Nf6 2. Nf3 e6 3. c4 b6 4. a3 Bb7 5. Nc3 d5 6. cxd5 Nxd5 7. e3 c5 8. Ne5 Nxc3 9. bxc3 a6 10. Rb1 Qc7 11. Qb3 b5 12. c4 Be4 13. Bd3 Bxd3 14. Qxd3 cxd4 15. exd4 Bd6 16. cxb5 Bxe5 17. dxe5 Qxe5+ 18. Be3 axb5 19. Rxb5 Qa1+ 20. Rb1 Qe5 21. 0-0 0-0 22. Rfc1 Na6 23. Rc6 Qa5 24. h3 h6 25. Rb7 Rfd8 26. Rd6 Rxd6 27. Qxd6 Qd5 28. Qxd5 exd5 29. Rd7 f6 30. g4 Kh7 31. Rxd5 Nc7 32. Rc5 Ne6 33. Rc6 Ng5 34. Bxg5 hxg5 35. Rc3 Ra4 36. Kf1 Kg6 37. Rf3 Re4 38. Re3 Ra4 39. Ke2 Rf4 40. f3 Ra4 41. Kd2 f5 42. Kc2 f4 43. Rc3 Kf6 44. Kb3 Ra8 45. a4 Ke5 46. Rd3 g6 47. Kb4 Rb8+ 48. Kc5 Ra8 49. Ra3 Rc8+ 50. Kb6 Kd6 51. Rd3+ Ke5 52. a5 Rb8+ 53. Kc7 Ra8 54. Ra3 Kd5 55. a6 Kd4 56. Kb7 Rf8 57. a7 Rf7+ 58. Kc6 1-0

[Event "Budapest FS10 IM"]
[Site "Budapest"]
[Date "2019.10.06"]
[Round "2"]
[White "Nguyen, Van Thanh"]
[Black "To, Nhat Minh"]
[Result "1/2-1/2"]
[WhiteElo "2380"]
[BlackElo "2363"]
[PlyCount "60"]
[EventDate "2019.10.05"]
[EventType "tourn"]
[EventRounds "9"]
[EventCountry "HUN"]
[SourceTitle "CBM 192 Extra"]
[Source "Chessbase"]
[SourceDate "2019.11.06"]
[SourceVersion "1"]
[SourceVersionDate "2019.11.06"]
[SourceQuality "1"]

1. e4 c5 2. Nf3 d6 3. d4 cxd4 4. Nxd4 Nf6 5. Nc3 e6 6. Be3 a6 7. f3 b5 8. Qd2 Nbd7 9. g4 b4 10. Nce2 h6 11. 0-0-0 Qc7 12. h4 d5 13. Bf4 e5 14. Bh2 dxe4 15. g5 hxg5 16. hxg5 Rxh2 17. Rxh2 exd4 18. Rh8 Nd5 19. Qxd4 Bb7 20. fxe4 N5b6 21. Qxb4 0-0-0 22. Qd4 Qc5 23. e5 Qxd4 24. Nxd4 Nxe5 25. Ne6 Rxd1+ 26. Kxd1 Ng6 27. Rxf8+ Nxf8 28. Nxf8 Kd8 29. Bd3 Na4 30. Kc1 Ke7 1/2-1/2

[Event "Budapest FS10 IM"]
[Site "Budapest"]
[Date "2019.10.05"]
[Round "1"]
[White "Vishwa, Vasnawala"]
[Black "Nguyen, Van Thanh"]
[Result "0-1"]
[WhiteElo "2112"]
[BlackElo "2380"]
[PlyCount "132"]
[EventDate "2019.10.05"]
[EventType "tourn"]
[EventRounds "9"]
[EventCountry "HUN"]
[SourceTitle "CBM 192 Extra"]
[Source "Chessbase"]
[SourceDate "2019.11.06"]
[SourceVersion "1"]
[SourceVersionDate "2019.11.06"]
[SourceQuality "1"]

1. d4 Nf6 2. Bf4 e6 3. e3 b6 4. Nf3 Bb7 5. Bd3 Be7 6. h3 c5 7. c3 0-0 8. 0-0 d6 9. Nbd2 cxd4 10. exd4 Nbd7 11. Nc4 Qc7 12. a4 a6 13. Re1 Rfe8 14. Nfd2 b5 15. axb5 axb5 16. Na3 b4 17. Nb5 Qc6 18. Nf3 bxc3 19. bxc3 Nb6 20. Qb3 Rxa1 21. Rxa1 Ra8 22. Rxa8+ Bxa8 23. Qa3 Nc8 24. c4 e5 25. d5 Qb7 26. Bg5 Qb8 27. Bxf6 Bxf6 28. Nd2 g6 29. Ne4 Be7 30. g4 h6 31. Qc1 Kg7 32. g5 hxg5 33. Nxg5 Nb6 34. Qe3 Qd8 35. h4 Bb7 36. Qg3 Bxg5 37. Qxg5 Qxg5+ 38. hxg5 Nc8 39. Nc7 Kf8 40. Kg2 Ke7 41. Kf3 Na7 42. Ke4 Kd7 43. Nb5 Nxb5 44. cxb5 Kc7 45. Bc4 Kb6 46. Bb3 Kxb5 47. f4 exf4 48. Kxf4 Kb4 49. Bc2 Kc5 50. Ke4 Ba6 51. Bb3 Bc4 52. Ba4 Bxd5+ 53. Kd3 Be6 54. Bd1 Kd5 55. Ke3 Ke5 56. Bc2 d5 57. Bd3 Bf5 58. Bb5 Be6 59. Bd3 d4+ 60. Kf3 Bb3 61. Kg3 Bd5 62. Kg4 Be4 63. Bc4 d3 64. Bxf7 d2 65. Bb3 Kd4 66. Kf4 Kc3 0-1

[Event "Budapest FS09 GM"]
[Site "Budapest"]
[Date "2019.09.17"]
[Round "9.4"]
[White "Nguyen, Van Thanh"]
[Black "Miesbauer, Jan"]
[Result "1-0"]
[WhiteElo "2380"]
[BlackElo "2397"]
[PlyCount "125"]
[EventDate "2019.09.07"]
[EventType "tourn"]
[EventRounds "9"]
[EventCountry "HUN"]
[EventCategory "7"]
[SourceTitle "EXT 2020"]
[Source "ChessBase"]
[SourceDate "2019.10.17"]
[SourceVersion "1"]
[SourceVersionDate "2019.10.17"]
[SourceQuality "1"]

1. d4 Nf6 2. Nf3 g6 3. g3 Bg7 4. Bg2 0-0 5. 0-0 d6 6. b3 e5 7. dxe5 Ng4 8. Bb2 Nd7 9. Qd2 Ndxe5 10. c4 a5 11. Nc3 a4 12. Rad1 axb3 13. axb3 Nxf3+ 14. Bxf3 Ne5 15. Bg2 Nc6 16. Na4 Bxb2 17. Qxb2 Qe7 18. Nc3 Qe5 19. Rd2 Be6 20. Nb5 Qxb2 21. Rxb2 Rfc8 22. Rc1 Kf8 23. f4 Ke7 24. Kf2 Nd8 25. Rd2 Bd7 26. Nc3 Bc6 27. Bh3 Rcb8 28. b4 Ke8 29. c5 Bd7 30. Bxd7+ Kxd7 31. cxd6 cxd6 32. Ne4 Ne6 33. Nxd6 Ke7 34. e4 Rd8 35. Rcd1 Ra3 36. Nxb7 Rxd2+ 37. Rxd2 Rb3 38. Na5 Rb1 39. Nc6+ Kf6 40. Ke3 h5 41. Rd7 Rb3+ 42. Kd2 Rb2+ 43. Kc3 Rxh2 44. Ne5 Ng5 45. fxg5+ Kxe5 46. Re7+ Kd6 47. Rxf7 Rg2 48. Kd4 Rd2+ 49. Ke3 Rb2 50. Rb7 Ke5 51. Rb5+ Ke6 52. Kf3 Rb1 53. Rb8 Rf1+ 54. Ke2 Rb1 55. b5 Rb3 56. b6 Kd7 57. Kf2 Rb5 58. b7 Kc7 59. Rg8 Rxb7 60. Rxg6 Rb3 61. Rf6 Kd7 62. g6 Ke7 63. g7 1-0

[Event "Budapest FS09 GM"]
[Site "Budapest"]
[Date "2019.09.10"]
[Round "4"]
[White "Nguyen, Van Thanh"]
[Black "Kosic, Dragan"]
[Result "1/2-1/2"]
[WhiteElo "2380"]
[BlackElo "2481"]
[PlyCount "36"]
[EventDate "2019.09.07"]
[EventType "tourn"]
[EventRounds "9"]
[EventCountry "HUN"]
[EventCategory "7"]
[SourceTitle "EXT 2020"]
[Source "ChessBase"]
[SourceDate "2019.10.17"]
[SourceVersion "1"]
[SourceVersionDate "2019.10.17"]
[SourceQuality "1"]

1. d4 d5 2. c4 e6 3. Nf3 Nf6 4. Nc3 c6 5. cxd5 exd5 6. Bf4 Bd6 7. Bxd6 Qxd6 8. e3 Bf5 9. Bd3 Bxd3 10. Qxd3 Nbd7 11. 0-0 0-0 12. Rfc1 Rfe8 13. Nd2 a5 14. Rab1 Ng4 15. Nf3 Ngf6 16. Nd2 Ng4 17. Nf3 Ngf6 18. Nd2 Ng4 1/2-1/2

[Event "Budapest FS08 GM"]
[Site "Budapest"]
[Date "2019.08.10"]
[Round "7"]
[White "Nguyen, Van Thanh"]
[Black "Colas, Joshua"]
[Result "0-1"]
[WhiteElo "2396"]
[BlackElo "2285"]
[PlyCount "192"]
[EventDate "2019.08.03"]
[EventType "tourn"]
[EventRounds "9"]
[EventCountry "HUN"]
[EventCategory "6"]
[SourceTitle "CBM 191 Extra"]
[Source "ChessBase"]
[SourceDate "2019.09.30"]
[SourceVersion "1"]
[SourceVersionDate "2019.09.30"]
[SourceQuality "1"]

1. d4 d5 2. Nf3 e6 3. c4 Nf6 4. Nc3 a6 5. cxd5 exd5 6. Qb3 c6 7. Bg5 Be7 8. e3 0-0 9. Bd3 Nbd7 10. 0-0 Re8 11. h3 Bd6 12. Rfe1 Qc7 13. Qc2 h6 14. Bxf6 Nxf6 15. Rab1 Bd7 16. a3 Rab8 17. Rec1 Qd8 18. b4 Qe7 19. Bf5 Bxf5 20. Qxf5 a5 21. bxa5 Bxa3 22. Rc2 Ra8 23. Ra2 Rxa5 24. Qc2 Rea8 25. Ne5 Bd6 26. Rxa5 Rxa5 27. Nd3 Qc7 28. Na4 Nd7 29. Nac5 Bxc5 30. Nxc5 Nxc5 31. dxc5 Qe7 32. Rc1 Qe5 33. Rb1 Ra1 34. g3 g6 35. h4 h5 36. Qb3 Rxb1+ 37. Qxb1 d4 38. exd4 Qxd4 39. Qb6 Kg7 40. Kg2 Kf6 41. Kf3 Qd5+ 42. Ke3 Ke6 43. Qb4 f6 44. Ke2 g5 45. hxg5 fxg5 46. Qxb7 Qxc5 47. Qh7 Qb5+ 48. Ke1 g4 49. Qg6+ Kd7 50. Qf7+ Kd6 51. Qf6+ Kd5 52. Qg5+ Kc4 53. Qc1+ Kb4 54. Qb2+ Ka5 55. Qa3+ Kb6 56. Qe3+ Ka6 57. Qe8 Ka5 58. Qd8+ Ka4 59. Qd1+ Qb3 60. Qa1+ Qa3 61. Qd4+ Kb5 62. Qe5+ Kb6 63. Qe8 Qc1+ 64. Ke2 Qc4+ 65. Ke1 Qd5 66. Qb8+ Kc5 67. Qf8+ Kc4 68. Qf4+ Qd4 69. Qf5 c5 70. Qxh5 Kd3 71. Kf1 c4 72. Qg6+ Kd2 73. Qg5+ Kc2 74. Qg8 c3 75. Qa2+ Kc1 76. Qa3+ Kd2 77. Qa5 Kd3 78. Qa3 Qb6 79. Qf8 c2 80. Qf5+ Kc3 81. Qc8+ Kb2 82. Qh8+ Ka2 83. Qa8+ Kb1 84. Qe4 Qd6 85. Qb7+ Ka2 86. Qf7+ Ka3 87. Qa7+ Kb3 88. Qf7+ Kc3 89. Qg7+ Qd4 90. Qg5 Qd1+ 91. Kg2 c1Q 92. Qc5+ Kb2 93. Qb4+ Qb3 94. Qd4+ Qcc3 95. Qxg4 Qd5+ 96. Kh2 Qh8+ 0-1

[Event "Budapest FS08 GM"]
[Site "Budapest"]
[Date "2019.08.09"]
[Round "6"]
[White "Ilincic, Zlatko"]
[Black "Nguyen, Van Thanh"]
[Result "1/2-1/2"]
[WhiteElo "2412"]
[BlackElo "2396"]
[PlyCount "82"]
[EventDate "2019.08.03"]
[EventType "tourn"]
[EventRounds "9"]
[EventCountry "HUN"]
[EventCategory "6"]
[SourceTitle "CBM 191 Extra"]
[Source "ChessBase"]
[SourceDate "2019.09.30"]
[SourceVersion "1"]
[SourceVersionDate "2019.09.30"]
[SourceQuality "1"]

1. d4 d5 2. c4 c6 3. Nf3 Nf6 4. e3 Bg4 5. h3 Bxf3 6. Qxf3 e6 7. Nc3 Nbd7 8. Bd2 Bb4 9. Qg3 0-0 10. f3 Re8 11. a3 Ba5 12. b4 Bc7 13. f4 e5 14. dxe5 Nxe5 15. cxd5 Nxd5 16. Be2 Ng6 17. Nxd5 Qxd5 18. Qf3 Bb6 19. Qxd5 cxd5 20. g3 Bxe3 21. Bxe3 Rxe3 22. Kf2 Re7 23. Rhd1 Rd8 24. Rac1 b6 25. Rd4 Kf8 26. Rcd1 Red7 27. Bb5 Rd6 28. Rc1 Ra8 29. Rc6 Rdd8 30. Rc7 Ne7 31. Bd7 a6 32. a4 Ng8 33. Bc6 Rac8 34. Rxc8 Rxc8 35. Bxd5 a5 36. bxa5 bxa5 37. Rc4 Ne7 38. Rxc8+ Nxc8 39. Ke3 Nb6 40. Bb3 Ke7 41. Kd4 Kd6 1/2-1/2

[Event "Budapest FS08 GM"]
[Site "Budapest"]
[Date "2019.08.04"]
[Round "2"]
[White "Nguyen, Van Thanh"]
[Black "Berczes, David"]
[Result "1/2-1/2"]
[WhiteElo "2396"]
[BlackElo "2478"]
[PlyCount "69"]
[EventDate "2019.08.03"]
[EventType "tourn"]
[EventRounds "9"]
[EventCountry "HUN"]
[EventCategory "6"]
[SourceTitle "CBM 191 Extra"]
[Source "ChessBase"]
[SourceDate "2019.09.30"]
[SourceVersion "1"]
[SourceVersionDate "2019.09.30"]
[SourceQuality "1"]

1. d4 d5 2. Nf3 Nf6 3. c4 c6 4. Qc2 g6 5. Bf4 Bg7 6. e3 0-0 7. Nc3 c5 8. dxc5 Qa5 9. Rd1 dxc4 10. Bxc4 Qxc5 11. Qb3 Nc6 12. Ng5 e6 13. Qb5 Qxb5 14. Bxb5 h6 15. Nf3 Bd7 16. 0-0 Rfd8 17. Bc7 Rdc8 18. Bg3 Be8 19. a3 a6 20. Bd3 b5 21. Rd2 Na5 22. Be5 Nc4 23. Bxc4 Rxc4 24. Rfd1 Rac8 25. Nd4 b4 26. axb4 Rxb4 27. Nf3 Kh7 28. Ra1 Rb6 29. h3 Ra8 30. Ra5 Bc6 31. Bd4 Rb7 32. Ne5 Ne4 33. Rc2 Nxc3 34. Nxc6 Nd5 35. Bxg7 1/2-1/2

[Event "Budapest FS05 GM"]
[Site "Budapest"]
[Date "2019.05.08"]
[Round "5"]
[White "Nguyen, Van Thanh"]
[Black "Kosic, Dragan"]
[Result "1/2-1/2"]
[WhiteElo "2401"]
[BlackElo "2488"]
[PlyCount "60"]
[EventDate "2019.05.04"]
[EventType "tourn"]
[EventRounds "9"]
[EventCountry "HUN"]
[EventCategory "7"]
[SourceTitle "CBM 190 Extra"]
[Source "ChessBase"]
[SourceDate "2019.07.15"]
[SourceVersion "1"]
[SourceVersionDate "2019.07.15"]
[SourceQuality "1"]

1. e4 e6 2. d4 d5 3. exd5 exd5 4. Bd3 Nc6 5. c3 Bd6 6. Nf3 Nge7 7. 0-0 Bg4 8. Nbd2 Qd7 9. Re1 0-0 10. Qc2 Bf5 11. Nf1 Bxd3 12. Qxd3 Qf5 13. Qxf5 Nxf5 14. Ng3 Nxg3 15. hxg3 Rfe8 16. Bf4 Bxf4 17. gxf4 f6 18. g3 Kf7 19. Kg2 Rxe1 20. Rxe1 Re8 21. Rxe8 Kxe8 22. f5 g6 23. fxg6 hxg6 24. Nh4 Kf7 25. Kf3 Ne7 26. Ng2 g5 27. Ne3 c6 28. Ng4 Nf5 29. Ne3 Nxe3 30. Kxe3 Ke6 1/2-1/2